Normal view
MARC view
- الاتحادات العربيه-الاتفاقيات الدولية-العلاقات الدوليه-الأردن-والعراق
Entry Topical Term
001 - CONTROL NUMBER
- control field: 63704
003 - CONTROL NUMBER IDENTIFIER
- control field: JO-AjAnu
005 - DATE AND TIME OF LATEST TRANSACTION
- control field: 20230606084410.0
008 - FIXED-LENGTH DATA ELEMENTS
- fixed length control field: 230606|| aca||aabn | a|a d
040 ## - CATALOGING SOURCE
- Original cataloging agency: JO-AjAnu
- Transcribing agency: JO-AjAnu
150 ## - HEADING--TOPICAL TERM
- Topical term or geographic name entry element: الاتحادات العربيه-الاتفاقيات الدولية-العلاقات الدوليه-الأردن-والعراق
670 ## - SOURCE DATA FOUND
- Source citation: Work cat.: (JO-AjAnu)32478: العكشة، خولة سابا, author 63703, وثائق عن الاتحاد العربي بين الأردن والعراق في أوراق سابا العكشة